Guess which University #2 - Statistics

General Stats
  • This quiz has been taken 5 times
  • The average score is 7 of 20
Answer Stats
Hint Answer % Correct
University with most Nobel winners Harvard
100%
best university in India 2018? University of Delhi
75%
Oceanian university with most Nobel laureates Australian National University
50%
any of the top 3 u's in the Nordic countries Karolinska, Uppsala or Helsinki
50%
Vladimir Putin's alma mater Saint Petersburg State University
50%
Mahatma Gandhi's alma mater University College London
50%
Any of the 3 most feminist U's in the world Wellesley College, SOAS London, Smith College
50%
Donald Trump's alma mater Wharton School
50%
Kim Jong-un's alma mater Kim Il-Sung University
25%
SKY university 2 Korea University
25%
Asian university with most Nobel laureates Kyoto University / Kyodai
25%
SKY university 1 (S.Korea) Seoul National University
25%
the oldest university in the world University of Bologna
25%
Latin American u with most Nobel laureates University of Buenos Aires
25%
African university with most Nobel laureates University of Cape Town
25%
SKY university 3 Yonsei University
25%
the most international u's in the world? top 3 EPF Lausanne, ETH Zurich, U of Hong Kong
0%
US online universities, most bang for the buck? top3 UMass, Florida or Florida State
0%
Friedrich Nietzsche's alma mater U. of Bonn & Leipzig U.
0%
best online/'distance learning' U's in Europe? top 3 Utrecht, Uppsala and Nottingham Trent
0%
No matching quizzes found
Score Distribution
Percent of People with Each Score
Percentile by Number Answered
Your Score History
You have not taken this quiz